000 00310nam a22001337a 4500
008 171019b xxu||||| |||| 00| 0 eng d
020 _a9780201421880
041 _aeng
080 _22ND
_a338
100 _a53
101 _aMEN
245 _aCASE STUDIES IN ECONOMIC DEVELOPMENT
_cSMITH,S.C
942 _2udc
_cBK
999 _c34882
_d34882